Winners of the Spanish Grand Prix - Statistics

General Stats
  • This quiz has been taken 6 times
  • The average score is 38 of 55
Answer Stats
Year Constructor Winner % Correct
2006 Renault Fernando Alonso
100%
2013 Ferrari Fernando Alonso
100%
2014 Mercedes Lewis Hamilton
100%
2017 Mercedes Lewis Hamilton
100%
2018 Mercedes Lewis Hamilton
100%
2019 Mercedes Lewis Hamilton
100%
2020 Mercedes Lewis Hamilton
100%
2021 Mercedes Lewis Hamilton
100%
2016 Red Bull Racing-TAG Heuer Max Verstappen
100%
2022 Red Bull Racing-RBPT Max Verstappen
100%
2023 Red Bull Racing-Honda RBPT Max Verstappen
100%
2024 Red Bull Racing-Honda RBPT Max Verstappen
100%
2025 McLaren-Mercedes Oscar Piastri
100%
2011 Red Bull-Renault Sebastian Vettel
100%
1994 Williams-Renault Damon Hill
83%
1968 Lotus-Ford Graham Hill
83%
2009 Brawn-Mercedes Jenson Button
83%
2005 McLaren-Mercedes Kimi Raikkonen
83%
2008 Ferrari Kimi Raikkonen
83%
1995 Benetton-Renault Michael Schumacher
83%
1996 Ferrari Michael Schumacher
83%
2001 Ferrari Michael Schumacher
83%
2002 Ferrari Michael Schumacher
83%
2003 Ferrari Michael Schumacher
83%
2004 Ferrari Michael Schumacher
83%
2015 Mercedes Nico Rosberg
83%
1974 Ferrari Niki Lauda
83%
1988 McLaren-Honda Alain Prost
67%
1990 Ferrari Alain Prost
67%
1993 Williams-Renault Alain Prost
67%
1969 Matra-Ford Jackie Stewart
67%
1970 March-Ford Jackie Stewart
67%
1971 Tyrrell-Ford Jackie Stewart
67%
1976 McLaren-Ford James Hunt
67%
1951 Alfa Romeo Juan Manuel Fangio
67%
1998 McLaren-Mercedes Mika Hakkinen
67%
1999 McLaren-Mercedes Mika Hakkinen
67%
2000 McLaren-Mercedes Mika Hakkinen
67%
1987 Williams-Honda Nigel Mansell
67%
1991 Williams-Renault Nigel Mansell
67%
1992 Williams-Renault Nigel Mansell
67%
1986 Lotus-Renault Ayrton Senna
50%
1989 McLaren-Honda Ayrton Senna
50%
1972 Lotus-Ford Emerson Fittipaldi
50%
1973 Lotus-Ford Emerson Fittipaldi
50%
1977 Lotus-Ford Mario Andretti
50%
1978 Lotus-Ford Mario Andretti
50%
1954 Ferrari Mike Hawthorn
33%
2007 Ferrari Felipe Massa
17%
1981 Ferrari Gilles Villenueve
17%
1975 McLaren-Ford Jochen Mass
17%
2010 Red Bull-Renault Mark Webber
17%
2012 Williams-Renault Pastor Maldonado
17%
1997 Williams-Renault Jacque Villenueve
0%
1979 Ligier-Ford Patrick Depailler
0%
No matching quizzes found
Score Distribution
Percent of People with Each Score
Percentile by Number Answered
Your Score History
You have not taken this quiz